000 00517nam a2200217Ia 4500
003 IT-RoPAU
008 120407s9999 xx 000 0 und d
040 _aIT-RoPAU
040 _cIT-RoPAU
041 _aita
245 _aCatalogo dei libri in commercio 1979
250 _aMilano
260 _aBibliografica
260 _c1979
300 _c28 cm
490 _v3
600 _a" 3 voll. -Autori -Soggetti -Titoli +Aggiornamento 1980"
710 _aAssociazione italiana Editori
942 _cBK
999 _c73
_d73